00409nas a22001577a 4500008004100000022001400041245002400055260005900079300000900138310001200147546001100159590002700170650002700197942001200224999001500236130408t20069999su ||||| |||| 00| 0 eng d a1658-2489 aSGH Medical Journal aJeddah,bSaudi German Hospitals Medical Journal:c2006 av. : abianual aingles aExistencias: 2006 1(1) aMEDICINA INTERNA91738 2ddccCR c1303d1303